Historias : (Record no. 90187)

MARC details
000 -LEADER
campo de control de longitud fija 00938cam a2200301Mi 4500
001 - NÚMERO DE CONTROL
campo de control 93457
005 - FECHA Y HORA DE LA ÚLTIMA TRANSACCIÓN
campo de control 20230410132922.0
008 - DATOS DE LONGITUD FIJA--INFORMACIÓN GENERAL
campo de control de longitud fija 020429s19779999sp 001 0 spa d
035 ## - NÚMERO DE CONTROL DEL SISTEMA
Número de control de sistema (OCoLC)ocn638024260
040 ## - FUENTE DE CATALOGACIÓN
Centro catalogador/agencia de origen ESUDE
Lengua de catalogación spa
Centro/agencia transcriptor ESUDE
020 ## - NÚMERO INTERNACIONAL ESTÁNDAR DEL LIBRO
Número Internacional Estándar del Libro 8424900820
035 ## - NÚMERO DE CONTROL DEL SISTEMA
Número de control de sistema (OCoLC)638024260
050 14 - SIGNATURA TOPOGRÁFICA DE LA BIBLIOTECA DEL CONGRESO
Número de clasificación B 171
Número de ítem B582 1977
100 0# - ENTRADA PRINCIPAL--NOMBRE DE PERSONA
Nombre de persona Polibio.
130 1# - ENTRADA PRINCIPAL--TÍTULO UNIFORME
Título uniforme Biblioteca Clásica Gredos.
245 10 - MENCIÓN DEL TÍTULO
Título Historias :
Resto del título Libros I-IV /
Mención de responsabilidad, etc. Polibio ; introducción de A. Díaz Tejera ; traducción y notas de Manuel Balasch Recort.
260 ## - PUBLICACIÓN, DISTRIBUCIÓN, ETC.
Lugar de publicación, distribución, etc. Madrid :
Nombre del editor, distribuidor, etc. Gredos,
Fecha de publicación, distribución, etc. 1977
300 ## - DESCRIPCIÓN FÍSICA
Extensión 538 p. ;
Dimensiones 20 cm.
440 #0 - MENCIÓN DE SERIE/PUNTO DE ACCESO ADICIONAL--TÍTULO
Título Biblioteca clásica Gredos ;
Designación de volumen o secuencia n.38
650 #0 - PUNTO DE ACCESO ADICIONAL DE MATERIA--TÉRMINO DE MATERIA
Término de materia o nombre geográfico como elemento de entrada Philosophy, Classical.
650 #0 - PUNTO DE ACCESO ADICIONAL DE MATERIA--TÉRMINO DE MATERIA
Término de materia o nombre geográfico como elemento de entrada Philosophy, Ancient.
650 #0 - PUNTO DE ACCESO ADICIONAL DE MATERIA--TÉRMINO DE MATERIA
Término de materia o nombre geográfico como elemento de entrada Philosophers, Ancient
Subdivisión general Biography
700 1# - ENTRADA AGREGADA--NOMBRE PERSONAL
Nombre de persona Díaz Tejera, Alberto,
Término indicativo de función/relación pr.
700 1# - ENTRADA AGREGADA--NOMBRE PERSONAL
Nombre de persona Balasch Recort, Manuel,
Término indicativo de función/relación ed. lit.
942 ## - ELEMENTOS DE ENTRADA SECUNDARIOS (KOHA)
Fuente del sistema de clasificación o colocación Clasificación de Library of Congress
Tipo de ítem Koha
946 ## - PROCESAMIENTO DE INFORMACIÓN LOCAL (OCLC)
a mjcruz
994 ## -
-- C0
-- DRFGD
Holdings
Estatus retirado Estado de pérdida Fuente del sistema de clasificación o colocación Estado de daño No para préstamo Colección Biblioteca de origen Biblioteca actual Ubicación en estantería Fecha de adquisición Serial enumeration / chronology Signatura topográfica completa Código de barras Visto por última vez Copia número Tipo de ítem Koha
    Clasificación de Library of Congress     Humanidades Biblioteca Juan Bosch Biblioteca Juan Bosch Humanidades (4to. Piso) 10/04/2023 n.38 B 171 B582 1977 00000087035 17/11/2018 1